000 01018cam a22003257a 4500
003 CHAP
005 20220817043031.0
008 971010s1969 r 00010 d
010 _a63437
011 _a64409
035 _a69729
040 _cCHAP
082 0 _a512
_bR5Y
100 0 0 _aRich, Barnett.
_997237
245 1 0 _aTeoría y problemas de álgebra elemental
260 _aMéxico, D. F. :
_bMcGraw Hill,
_c1969
300 _a297 p
490 0 _aSerie de Compendios Schaum
590 _aBATCH-UPD
_b10
_c20130110
_lUCH01
_h0058
590 _aBATCH-UPD
_b10
_c20130110
_lUCH01
_h1552
590 _aBATCH-UPD
_b10
_c20130410
_lUCH01
_h0949
590 _aBATCH-UPD
_b10
_c20130914
_lUCH01
_h1845
590 _aCONVERSION
_b10
_c20130109
_lUCH01
_h1334
650 1 4 _aÁlgebra.
_982391
830 0 _aSerie de Compendios Schaum
901 _aBK
942 _cLIBRO
949 _a512 R5y
_bBC
_cLIBRO
_d33724000882064
_eLIBRO
_fc.3
_h45745
_i69729
_si
949 _a512 R5Y
_bBC
_cLIBRO
_d33724000908786
_eLIBRO
_h34374
_i69729
_si
999 _c63437
_d63437